书目信息 |
| 题名: |
圆
|
|
| 作者: | 邵品琮 编 | |
| 分册: | ||
| 出版信息: | 济南 山东教育出版社 1982 |
|
| 页数: | 134页 | |
| 开本: | 19cm | |
| 丛书名: | ||
| 单 册: | ||
| 中图分类: | O123.3 | |
| 科图分类: | ||
| 主题词: | 圆 , 初等几何 | |
| 电子资源: | ||
| ISBN: | ||
| 000 | 00582nam0 2200241 45 | |
| 001 | 0182000815 | |
| 005 | 20070731111157.02 | |
| 010 | @dCNY0.35 | |
| 091 | @aCN@b7275.17 | |
| 100 | @a19950623d1982 demy0chiy0121 ea | |
| 101 | 0 | @achi |
| 102 | @aCN@b370000 | |
| 105 | @ay z 000yy | |
| 200 | 10 | @a圆@Ayuan@f邵品琮编 |
| 210 | @a济南@c山东教育出版社@d1982 | |
| 215 | @a134页@d19cm | |
| 606 | @a圆 | |
| 606 | @a初等几何 | |
| 690 | @aO123.3@v3 | |
| 701 | 0 | @a邵品琮@Ashao pin cong@4编 |
| 801 | 0 | @aCN@bTSSF@c20070731 |
| 801 | 2 | @aCN@bNLC@c20060818 |
| 905 | @a10447@dO123.3@e54 | |
| 圆/邵品琮编.-济南:山东教育出版社,1982 |
| 134页;19cm |
| ISBN :CNY0.35 |
| ● |
| 相关链接 |
|
|
|
|
正题名:圆
索取号:O123.3/54
 
预约/预借
| 序号 | 登录号 | 条形码 | 馆藏地/架位号 | 状态 | 备注 |
| 1 | 0431491 | 204314919 | 密集书库/ [索取号:O123.3/54] | 在馆 | |
| 2 | 0431492 | 204314928 | 密集书库/ [索取号:O123.3/54] | 在馆 | |
| 3 | 0431493 | 204314937 | 密集书库/ [索取号:O123.3/54] | 在馆 | |
| 4 | 0446689 | 204466899 | 密集书库/ [索取号:O123.3/54] | 在馆 | |
| 5 | 0468769 | 204687696 | 密集书库/ [索取号:O123.3/54] | 在馆 | |
| 6 | 0786346 | 207863463 | 密集书库/ [索取号:O123.3/54] | 在馆 |